000 00563nam a22001817a 4500
003 CEME
005 20210628204153.0
008 210113b xxu||||| |||| 00| 0 eng d
020 _a9788120321861
040 _cceme
082 _a006.32 RAJ
100 _aRajasekaran, S , Pai, G.A. Vijayalakshmi
_969089
245 _aNeural networks, fuzzy logic, and genetic algorithms , synthesis and applications
260 _aNEW DELHI
_bPHI LEARNING
_c2012
300 _aXVI, 439P
650 _aNEURAL NETWORKS.FUZZY LOGIC.GENETIC ALGORITHMS.
_969090
942 _cBK
_2ddc
999 _c576498
_d576498